Cargando...

Fear of dying /

Detalles Bibliográficos
Autor principal: Jong, Erica
Lenguaje:Undetermined
Publicado: London : Canongate , 2015.
LEADER 00516nam a2200157Ia 4500
001 192327
008 170722s9999 xx 000 0 und d
020 |a 9781782117438 
100 |a Jong, Erica 
245 |a Fear of dying / 
260 |a London :  |b Canongate ,  |c 2015. 
300 |a 273 p. 
923 |d 20160101  |n RBC-79 
942 |c GEN 
999 |c 155323  |d 155323 
952 |0 0  |1 0  |4 0  |6 O_1113NJ01F_Q5  |7 0  |9 218163  |a LIB  |b LIB  |d 2016-01-22  |e Random Books  |l 3  |o O111,3NJ01,F Q5  |p 300976  |q 2020-12-10  |r 2020-11-10  |s 2020-11-10  |v 599.00  |w 2017-08-12  |y GEN